000 00791nam a2200241 a 4500
001 BRCA_3788
005 20190320204426.0
008 141109s1887----fr-a---###---#000-0#fre-#
041 _afre
044 _afr
050 4 _aF1233
_b.B58 1887
100 1 _aBibesco, Georges, Prince.
_99869
245 1 0 _aAu Mexique 1862
_bcombats et retraite des six mille
_cpar le Prince Georges Bibesco ; dessins de P. Jazet.
260 _aParís
_bE. Plon, Nourrit
_c1887
300 _a278 p.
_bil. , 23 láminas, 4 mapas ;
_c21cm.
500 _aIncluye tabla alfabética, tabla de materias y apéndice.
500 _aB147
651 4 _aMéxico
_vHistoria
_xIntervención francesa,
_y1861-1867.
_99870
651 4 _aPuebla
_vHistoria.
_99871
700 1 _aJazet, P
_99872
902 _aGFM
942 _2lcc
_cB
999 _c3517
_d3517